000 00554nam a2200181 i 4500
001 78170
003 ES-MaACL
005 20230906173555.0
007 t|
008 041011s1972 sp ||||1| spa d
100 1 _aHansen, Hans Thomas.
_961763
245 1 0 _aTécnicas prácticas de diagnóstico y tratamiento /
_cpor H. Th. Hansen ; versión R. Bataller Sifre.
250 _a[1ª ed.].
260 _aValencia :
_bFacta,
_c[1972]
300 _a196 p. :
_bil. ;
_c24 cm.
700 1 _aBataller Sifre, R.
_926401
852 _aES-MaACL
_jC-42973
_bR.81990
999 _c78170
_d78170